00710nam a22002297a 450000500170000001000130001702000220003003500130005203700160006504000120008108200170009310000260011024501380013625000110027426000370028527000480032230000280037050000190039865000220041765000180043970000230045720170124110230.0 aA-949887 c00.00a8187031131 aA-949887 bCen Lib/Ret aDPLbEN a347.075bAIY aAiyar, P. Ramanathan  aThe principels and precedents of the art of cross examination :cby P. Ramanathan Aiyar [and] P. Raghava Aiyarbcivil and criminal / a9th ed aAllahbadbThe Law Book Co.c1998 a1-004, Sardar Patel Margb Allahbade211001 acxxxv,1199p. c24cm(Hb) aIncludes index aCross-examination aUnited States aAiyar, P. Raghava